Online katalóg knižníc regiónu Turca

Súženie (Record no. 22009)

MARC details
000 -LEADER
fixed length control field 01889cam a2200529 a 4500
001 - CONTROL NUMBER
control field 22009
003 - CONTROL NUMBER IDENTIFIER
control field VRT
005 - DATE AND TIME OF LATEST TRANSACTION
control field 20260317150245.0
008 - FIXED-LENGTH DATA ELEMENTS--GENERAL INFORMATION
fixed length control field 240318s2011 xo g 000 f slo
015 ## - NATIONAL BIBLIOGRAPHY NUMBER
National bibliography number SNBA2012/04-02258
020 ## - INTERNATIONAL STANDARD BOOK NUMBER
International Standard Book Number 9788055125060
Qualifying information (viaz.)
035 ## - SYSTEM CONTROL NUMBER
System control number 8E5096DA-F22B-4DCC-A3D3-A90432CFA1E4
035 ## - SYSTEM CONTROL NUMBER
System control number urn:nbn:sk:snk-amji5b
035 ## - SYSTEM CONTROL NUMBER
System control number urn:nbn:sk:snk-am001rqk
039 #9 - LEVEL OF BIBLIOGRAPHIC CONTROL AND CODING DETAIL [OBSOLETE]
Level of rules in bibliographic description 202403181954
Level of effort used to assign nonsubject heading access points VLOAD
Level of effort used to assign subject headings 202107132125
Level of effort used to assign classification AUTHORITY
Level of effort used to assign subject headings 201808091729
Level of effort used to assign classification VLOAD
Level of effort used to assign subject headings 201608051420
Level of effort used to assign classification msavuk01
040 ## - CATALOGING SOURCE
Original cataloging agency SVKBB
Language of cataloging slo
Transcribing agency SVKBB
Modifying agency SNK
Description conventions AACR2
041 1# - LANGUAGE CODE
Language code of text/sound track or separate title slo
Language code of original eng
044 ## - COUNTRY OF PUBLISHING/PRODUCING ENTITY CODE
MARC country code xo
ISO country code SK
072 #7 - SUBJECT CATEGORY CODE
Subject category code 821.111(73)-3
Subject category code subdivision Americká próza
Source konspekt
080 ## - UNIVERSAL DECIMAL CLASSIFICATION NUMBER
Universal Decimal Classification number 821.111(73)-31
Edition identifier 2001
080 ## - UNIVERSAL DECIMAL CLASSIFICATION NUMBER
Universal Decimal Classification number (0:82-312.4)
Edition identifier 2001
080 ## - UNIVERSAL DECIMAL CLASSIFICATION NUMBER
Universal Decimal Classification number (0:82-312.5)
Edition identifier 2001
100 1# - MAIN ENTRY--PERSONAL NAME
Personal name Kate, Lauren,
Dates associated with a name 1981-
Relationship aut
240 10 - UNIFORM TITLE
Uniform title Torment
Language of a work Slovensky
245 10 - TITLE STATEMENT
Title Súženie
Statement of responsibility, etc. Lauren Kateová ; [z anglického originálu preložila Saskia Hudecová]
246 30 - VARYING FORM OF TITLE
Title proper/short title Padlí anjeli
260 ## - PUBLICATION, DISTRIBUTION, ETC.
Place of publication, distribution, etc. Bratislava
Name of publisher, distributor, etc. Ikar
Date of publication, distribution, etc. 2011
300 ## - PHYSICAL DESCRIPTION
Extent 293 s.
Dimensions 23 cm
500 ## - GENERAL NOTE
General note Druhá časť nebezpečne vzrušujúcej a tajomne romantickej tetralógie
655 #7 - INDEX TERM--GENRE/FORM
Genre/form data or focus term americké romány
Source of term SNKPH
655 #7 - INDEX TERM--GENRE/FORM
Genre/form data or focus term trilery (romány)
Source of term SNKPH
655 #7 - INDEX TERM--GENRE/FORM
Genre/form data or focus term ľúbostné romány
Source of term SNKPH
655 #7 - INDEX TERM--GENRE/FORM
Genre/form data or focus term American fiction
Source of term SNKPHeng
655 #7 - INDEX TERM--GENRE/FORM
Genre/form data or focus term Thrillers (novels)
Source of term SNKPHeng
655 #7 - INDEX TERM--GENRE/FORM
Genre/form data or focus term Love novels
Source of term SNKPHeng
700 1# - ADDED ENTRY--PERSONAL NAME
Personal name Hudecová, Saskia
Relationship trl
942 ## - ADDED ENTRY ELEMENTS (KOHA)
Source of classification or shelving scheme Dewey Decimal Classification
Koha item type Krásna literatúra pre dospelých
Suppress in OPAC No
949 ## - LOCAL PROCESSING INFORMATION (OCLC)
6 270001000383927
a svkbbB 45091-2
b svkbbm 719339
949 ## - LOCAL PROCESSING INFORMATION (OCLC)
6 17A0705602
a snkSC 143726/2
b snk2011/14185
o 1563/11
949 ## - LOCAL PROCESSING INFORMATION (OCLC)
6 17A0707758
a snkSC 143726/2 D1
b snk2011/15580
o 1563/11
949 ## - LOCAL PROCESSING INFORMATION (OCLC)
6 273K0539343
a svkpoB 86274
b svkpo543231
949 ## - LOCAL PROCESSING INFORMATION (OCLC)
6 2889173652
a savukPV 14933
b savuk2011/3107
980 ## - EQUIVALENCE OR CROSS-REFERENCE-SERIES STATEMENT--PERSONAL NAME/TITLE [LOCAL, CANADA]
Personal name 821.111(73)-31
980 ## - EQUIVALENCE OR CROSS-REFERENCE-SERIES STATEMENT--PERSONAL NAME/TITLE [LOCAL, CANADA]
Personal name (0:82-312.4)
980 ## - EQUIVALENCE OR CROSS-REFERENCE-SERIES STATEMENT--PERSONAL NAME/TITLE [LOCAL, CANADA]
Personal name (0:82-312.5)
Holdings
Stav vyradenia Strata Poškodenie Spôsob nadobudnutia Domovská knižnica Aktuálna knižnica Dátum nadobudnutia Cena Total checkouts Čiarový kód exemplára Date due Date last seen Date last checked out Typ exemplára
      Dar Obecná knižnica Horná Štubňa Obecná knižnica Horná Štubňa 17.03.2026 10.90 1 9788055125060 16.04.2026 17.03.2026 17.03.2026 Krásna literatúra pre dospelých
Projekt je podporený Slovenskou asociáciou knižníc
Prevádzkuje Turčianska knižnica Martin 2026